000 00454nmm a2200157Ia 4500
008 251105s9999||||xx |||||||||||||||||und||
020 _a9789871177325
041 _aspa
100 _aTrevijano, Pedro
245 0 _aPensar a los 15. Cómo sobrevivir a esta edad
264 _a[Buenos Aires, Argentina] :
_bEditorial Sb,
_c2016
300 _a193 páginas
650 _aFamily
856 _uhttps://public.digitaliapublishing.com/a/129338
942 _cCF
999 _c97174
_d97174